000
00205 a2200097 4500
001
18243
100
_a
Harris, N
245
_a
Picture History of world Art
260
_a
_b
Hamlyn
_c
090
_c
13537
_d
13537
942
_a
NUST-CAE
_c
M
_c
3933
999
_c
253316
_d
253316